Disarming madness from nuclear bombs, to mystical experience / (Record no. 150696)

MARC details
000 -LEADER
fixed length control field 00590nam a22001817a 4500
005 - DATE AND TIME OF LATEST TRANSACTION
control field 20180423140946.0
010 ## - LCCN (DPL NO)
LC control number ENG-122461
020 ## - INTERNATIONAL STANDARD BOOK NUMBER
International Standard Book Number 9788171393039
Terms of availability 700.00
035 ## - SYSTEM CONTROL NUMBER
System control number EN-105993
037 ## - SOURCE OF ACQUISITION
Source of stock number/acquisition DBAD/PUB
082 ## - DEWEY DECIMAL CLASSIFICATION NUMBER
Classification number 358.70092
100 ## - MAIN ENTRY--PERSONAL NAME
Personal name Berglund, Gregory
245 ## - TITLE STATEMENT
Title Disarming madness from nuclear bombs, to mystical experience /
Statement of responsibility, etc by Gregory Berglund
260 ## - PUBLICATION, DISTRIBUTION, ETC. (IMPRINT)
Place of publication, distribution, etc New Delhi
Name of publisher, distributor, etc Jnanada Prakashan (P&D)
Date of publication, distribution, etc 2016
270 ## - ADDRESS
Address 4837/2, 24, Ansari Road, Daryaganj,
City New Delhi
Postal code 110002
300 ## - PHYSICAL DESCRIPTION
Extent 321p.
Other physical details ill.
Dimensions 21cm(Hb)
942 ## - ADDED ENTRY ELEMENTS (KOHA)
Source of classification or shelving scheme Dewey Decimal Classification
Item type English Books
Call number suffix BER
Classification part 385.70092
Holdings
Withdrawn status Lost status Not for loan Collection code Home library Current library Date acquired Source of acquisition Cost, normal purchase price Full call number Barcode Copy number Cost, replacement price Koha item type
      Non-fiction Shahdara Branch Shahdara Branch 03/04/2018 DBAD/PUB 700.00 358.70092BER EN-105993 1 700.00 English Books

© Delhi Public Library
Hit Counter
free hit counter